书目信息 |
| 题名: |
谈修养
|
|
| 作者: | 朱光潜 著 | |
| 分册: | ||
| 出版信息: | 杭州 浙江教育出版社 2018 |
|
| 页数: | 234页 | |
| 开本: | 21cm | |
| 丛书名: | 语文新课标指定阅读丛书 | |
| 单 册: | ||
| 中图分类: | B825.4-49 | |
| 科图分类: | ||
| 主题词: | 个人--修养--青年读物 | |
| 电子资源: | ||
| ISBN: | 978-7-5536-5590-1 | |
| 000 | 00954oam2 2200265 450 | |
| 001 | 012001000726 | |
| 005 | 20140920091302.0 | |
| 010 | @a978-7-5536-5590-1@dCNY32.00 | |
| 100 | @a20180714d2018 demy0chiy50 ea | |
| 101 | 0 | @achi |
| 102 | @aCN@b330000 | |
| 105 | @aa z 000yy | |
| 106 | @ar | |
| 200 | 1 | @a谈修养@9Tan Xiu Yang@dOn self-cultivation@f朱光潜著@zeng |
| 210 | @a杭州@c浙江教育出版社@d2018 | |
| 215 | @a234页@c图@d21cm | |
| 225 | 1 | @a语文新课标指定阅读丛书 |
| 330 | @a本书包括《谈修养》和《给青年的十二封信》。《谈修养》以1947年中周出版社版为底本,《给青年的十二封信》以1948年开明书店版为底本,并参校中华书局2012年版《给青年的十二封信 谈修养》等版本。 | |
| 461 | 0 | @12001 @a语文新课标指定阅读丛书 |
| 510 | 1 | @aOn self-cultivation@zeng |
| 606 | 0 | @a个人@x修养@j青年读物 |
| 690 | @aB825.4-49@v5 | |
| 701 | 0 | @a朱光潜@9Zhu Guang Qian@f(1897-1986)@4著 |
| 801 | 0 | @aCN@b上海新华@c20180901 |
| 905 | @b1042140-44@dB825.4-49@e1099@f5 | |
| 谈修养=On self-cultivation/朱光潜著.-杭州:浙江教育出版社,2018 |
| 234页:图;21cm.-(语文新课标指定阅读丛书) |
| ISBN 978-7-5536-5590-1:CNY32.00 |
| 本书包括《谈修养》和《给青年的十二封信》。《谈修养》以1947年中周出版社版为底本,《给青年的十二封信》以1948年开明书店版为底本,并参校中华书局2012年版《给青年的十二封信 谈修养》等版本。 |
| ● |
| 相关链接 |
|
|
|
|
正题名:谈修养
索取号:B825.4-49/1099
 
预约/预借
| 序号 | 登录号 | 条形码 | 馆藏地/架位号 | 状态 | 备注 |
| 1 | 1042140 | 210421408 | 第一样本阅览室/ [索取号:B825.4-49/1099] | 在馆 | |
| 2 | 1042141 | 210421417 | 第一借阅区/ [索取号:B825.4-49/1099] | 在馆 | |
| 3 | 1042142 | 210421426 | 第一借阅区/ [索取号:B825.4-49/1099] | 在馆 | |
| 4 | 1042143 | 210421435 | 第一借阅区/ [索取号:B825.4-49/1099] | 在馆 | |
| 5 | 1042144 | 210421444 | 第一借阅区/ [索取号:B825.4-49/1099] | 在馆 |